|
|
|
|
| LEADER |
01770nam a2200421 a 4500 |
| 001 |
EBC1192415 |
| 003 |
MiAaPQ |
| 005 |
20200520144314.0 |
| 006 |
m o d | |
| 007 |
cr cn||||||||| |
| 008 |
130604t20111981enk sb 001 0 eng d |
| 020 |
|
|
|z 9780415682350
|
| 020 |
|
|
|a 9780203802830 (electronic bk.)
|
| 035 |
|
|
|a (MiAaPQ)EBC1192415
|
| 035 |
|
|
|a (Au-PeEL)EBL1192415
|
| 035 |
|
|
|a (CaPaEBR)ebr10713926
|
| 035 |
|
|
|a (CaONFJC)MIL493500
|
| 035 |
|
|
|a (OCoLC)847140133
|
| 040 |
|
|
|a MiAaPQ
|c MiAaPQ
|d MiAaPQ
|
| 050 |
|
4 |
|a HB846
|b .M57 2011
|
| 082 |
0 |
4 |
|a 330.155
|2 23
|
| 100 |
1 |
|
|a Mishan, E. J.
|
| 245 |
1 |
0 |
|a Economic efficiency and social welfare
|h [electronic resource] :
|b selected essays on fundamental aspects of the economic theory of social welfare /
|c E.J. Mishan.
|
| 260 |
|
|
|a Abingdon [England] :
|b Routledge,
|c 2011, c1981.
|
| 300 |
|
|
|a 280 p.
|
| 490 |
1 |
|
|a Routledge revivals
|
| 500 |
|
|
|a "First published in 1981 by George Allen & Unwin Ltd."--T.p. verso.
|
| 504 |
|
|
|a Includes bibliographical references and index.
|
| 505 |
0 |
|
|a pt. 1. Economic criteria -- pt. 2. Economic rent or surplus -- pt. 3. Externalities -- pt. 4. Project evaluation -- pt. 5. Reflections on economic efficiency and social welfare.
|
| 533 |
|
|
|a Electronic reproduction. Ann Arbor, MI : ProQuest, 2015. Available via World Wide Web. Access may be limited to ProQuest affiliated libraries.
|
| 650 |
|
0 |
|a Welfare economics.
|
| 650 |
|
0 |
|a Externalities (Economics)
|
| 650 |
|
0 |
|a Economic development projects
|x Evaluation.
|
| 650 |
|
0 |
|a Cost effectiveness.
|
| 655 |
|
4 |
|a Electronic books.
|
| 710 |
2 |
|
|a ProQuest (Firm)
|
| 830 |
|
0 |
|a Routledge revivals.
|
| 856 |
4 |
0 |
|u https://ebookcentral.proquest.com/lib/matrademy/detail.action?docID=1192415
|z Click to View
|